The amazing book of mammal records : (Record no. 178)

MARC details
000 -LEADER
fixed length control field 01132nam a22003137a 4500
001 - CONTROL NUMBER
control field 178
003 - CONTROL NUMBER IDENTIFIER
control field FISKH
005 - DATE AND TIME OF LATEST TRANSACTION
control field 20230302084228.0
008 - FIXED-LENGTH DATA ELEMENTS--GENERAL INFORMATION
fixed length control field 230302b cb ||||| |||| 00| 0 eng d
035 ## - SYSTEM CONTROL NUMBER
System control number (DLC) 99042523
040 ## - CATALOGING SOURCE
Original cataloging agency DLC
Transcribing agency DLC
Modifying agency DLC
-- FISKH
Language of cataloging eng
050 00 - LIBRARY OF CONGRESS CALL NUMBER
Classification number QL706.2
Item number .W65 2000
082 00 - DEWEY DECIMAL CLASSIFICATION NUMBER
Classification number 599
Edition number 21
100 1# - MAIN ENTRY--PERSONAL NAME
Personal name Woods, Samuel G.
245 14 - TITLE STATEMENT
Title The amazing book of mammal records :
Remainder of title the largest, the smallest, the fastest, and many more! /
Statement of responsibility, etc. by Samuel G. Woods ; illustrations by Jeff Cline.
250 ## - EDITION STATEMENT
Edition statement 1st ed.
260 ## - PUBLICATION, DISTRIBUTION, ETC.
Place of publication, distribution, etc. New York
Name of publisher, distributor, etc. Scholastic
Date of publication, distribution, etc. 2000
300 ## - PHYSICAL DESCRIPTION
Extent 32 p. :
Other physical details col. ill. ;
Dimensions 23 cm.
504 ## - BIBLIOGRAPHY, ETC. NOTE
Bibliography, etc. note Includes bibliographical references (p. 32).
520 ## - SUMMARY, ETC.
Summary, etc. Introduces, in question and answer format, such record-breaking mammals as the cheetah, blue whale, koala, giraffe, and water buffalo.
521 8# - TARGET AUDIENCE NOTE
Target audience note 880
Source Lexile
521 8# - TARGET AUDIENCE NOTE
Target audience note X
Source Raz-Plus
650 #0 - SUBJECT ADDED ENTRY--TOPICAL TERM
Topical term or geographic name entry element Mammals
Form subdivision Miscellanea
-- Juvenile literature.
650 #1 - SUBJECT ADDED ENTRY--TOPICAL TERM
Topical term or geographic name entry element Mammals
Form subdivision Miscellanea.
650 #1 - SUBJECT ADDED ENTRY--TOPICAL TERM
Topical term or geographic name entry element Questions and answers.
700 1# - ADDED ENTRY--PERSONAL NAME
Personal name Cline, Jeff,
Relator term ill.
906 ## - LOCAL DATA ELEMENT F, LDF (RLIN)
a 7
b cbc
c orignew
d 1
e ocip
f 19
g y-gencatlg
942 ## - ADDED ENTRY ELEMENTS (KOHA)
Source of classification or shelving scheme Library of Congress Classification
Koha item type Books
Suppress in OPAC No
Holdings
Withdrawn status Lost status Source of classification or shelving scheme Damaged status Not for loan Collection Home library Current library Shelving location Date acquired Total Checkouts Full call number Barcode Date last seen Date last checked out Price effective from Koha item type
    Dewey Decimal Classification     Non-Fiction Footprints International School Library Network Toul Kork Campus Footprints International School Library Network Toul Kork Campus A TK Campus, 4th Floor, Room B401, Non-Fiction Bookcases(7-8) 03/02/2023 1 WOO QL706.W65 599 FISTK01837 09/08/2023 08/31/2023 03/02/2023 Books